Structuralism as one structuralism as many: (Record no. 1400696)

MARC details
000 -LEADER
fixed length control field 00834nam a22002417a 4500
005 - DATE AND TIME OF LATEST TRANSACTION
control field 20250509113929.0
008 - FIXED-LENGTH DATA ELEMENTS--GENERAL INFORMATION
fixed length control field 250509b |||||||| |||| 00| 0 eng d
020 ## - INTERNATIONAL STANDARD BOOK NUMBER
International Standard Book Number 978-87-7304-447-6 (hbk)
037 ## - SOURCE OF ACQUISITION
Terms of availability TB
040 ## - CATALOGING SOURCE
Original cataloging agency AL
Transcribing agency AL
041 ## - LANGUAGE CODE
Source of code eng
Language code of text/sound track or separate title eng
084 ## - COLON CLASSIFICATION NUMBER
Classification number P:2 R3
Assigning agency AL
245 ## - TITLE STATEMENT
Title Structuralism as one structuralism as many:
Remainder of title Studies in structuralisms
260 ## - PUBLICATION, DISTRIBUTION, ETC.
Place of publication, distribution, etc. Scientia Danica, UK:
Name of publisher, distributor, etc. Royal Danish Academy of Sciences,
Date of publication, distribution, etc. 2023.
300 ## - PHYSICAL DESCRIPTION
Extent 557p.
365 ## - TRADE PRICE
Price amount 41.00
Currency code USD
650 ## - SUBJECT ADDED ENTRY--TOPICAL TERM
Topical term or geographic name entry element Linguistics
9 (RLIN) 783961
650 ## - SUBJECT ADDED ENTRY--TOPICAL TERM
Topical term or geographic name entry element Morphology
9 (RLIN) 783962
700 ## - ADDED ENTRY--PERSONAL NAME
Personal name Cigana, Lorenzo
Relator term Editor
9 (RLIN) 783963
700 ## - ADDED ENTRY--PERSONAL NAME
Personal name Gregersen Frans
Relator term Editor
9 (RLIN) 783964
942 ## - ADDED ENTRY ELEMENTS (KOHA)
Source of classification or shelving scheme Colon Classification (CC)
Koha item type Textbook
Classification part P:2 R3
Suppress in OPAC No
Holdings
Withdrawn status Lost status Source of classification or shelving scheme Damaged status Not for loan Home library Current library Date acquired Source of acquisition Cost, normal purchase price Inventory number Total Checkouts Full call number Barcode Date last seen Price effective from Koha item type
    Colon Classification (CC)     Arts Library Arts Library 2025-05-09 Excel Media 41.00 6447 & 2025-02-10   P:2 R3 AL1804465 2025-05-09 2025-05-09 Textbook
Copyright @ Delhi University Library System